Statistics for Guess the landmarks by picture #1

Click here to take the quiz!

General Stats

  • This quiz has been taken 31 times
  • The average score is 12 of 16

Answer Stats

Answer% Correct
Big Ben
100%
Statue Of Liberty
100%
Eiffel Tower
96%
Niagara Falls
96%
Great Wall of China
92%
Empire State Building
88%
Leaning Tower of Pisa
88%
Sydney Opera House
84%
Burj Khalifa
80%
Machu Picchu
76%
Colosseum
72%
Uluru
64%
Christ the Redeemer
60%
Pyramids of Giza
56%
Acropolis
40%
Petronas Twin Towers
24%

Score Distribution

Percentile by Number Answered

Percent of People with Each Score

Your Score History

You have not taken this quiz